• 首页
  • 本馆介绍
  • 公告通知
  • 最新文献
  • 馆藏检索
  • 电子资源
  • 读者导购
  • 参考咨询
  • 我的图书馆
  • 登录
  • 详细信息显示
  • 放入我的书架
  • 预约/预借图书
  • 作者相关作品
  • 分类相关作品
  • 丛书相关作品
  • 出版社相关作品

书目信息

  • 表格格式
  • 工作单格式
  • 卡片格式
题名:
柴达木盆地南北缘成矿系列及找矿预测
    
 
作者: 潘彤 著
分册:  
出版信息: 武汉   中国地质大学出版社  2019.07
页数: 358页
开本: 31cm
丛书名:
单 册:
中图分类: P617.244
科图分类:
主题词:
电子资源:
ISBN: 978-7-5625-4577-4
000 01679nam0 2200277 450
001 CAL 0120192884368
005 20230217093111.0
010    @a978-7-5625-4577-4@b精装@dCNY238.00
100    @a20191128d2019 em y0chiy0120 ea
101 0  @achi
102    @aCN@b420000
105    @aak a 000yy
106    @ar
200 1  @a柴达木盆地南北缘成矿系列及找矿预测@Achai da mu pen di nan bei yuan cheng kuang xi lie ji zhao kuang yu ce@d= Demonstration of exploration and development of the mineralization system in the northern and southern margins of the Qaidam Basin@f潘彤等著@zeng
210    @a武汉@c中国地质大学出版社@d2019.07
215    @a358页@c图 (部分彩图)@d31cm
314    @a书内责任方式题: 潘彤, 王秉璋, 张爱奎主编
320    @a有书目 (第344-358页)
330    @a本专著将实地调查与地勘生产工作紧密结合, 深入研究了柴达木南北缘地区的主要金、铜铅锌和铁矿床成矿背景环境, 编制了1:50万大地构造图, 确定了每个阶段地质事件与成矿作用的关系 ; 以现代区域成矿理论为指导, 系统论述了该区域的金属成矿条件和矿床时空分布规律, 划分出8个成矿系列 ; 建立了柴达木盆地南北缘覆盖-浅覆盖区不同类型矿床物化探有效找矿方法组合 ; 通过药剂复配和改性, 难选冶矿石回收率明显提高 ; 针对柴达木盆地南北缘的矿产资源开发利用提出了盆地、流域和典型矿区水资源保障模式, 为进一步的快速勘查、矿产资源高效利用提供了科学依据。
510 1  @aDemonstration of exploration and development of the mineralization system in the northern and southern margins of the Qaidam Basin@zeng
607    @a柴达木盆地@Achai da mu pen di@x成矿预测
607    @a柴达木盆地@Achai da mu pen di@x找矿
690    @aP617.244@v5
701  0 @a潘彤@Apan tong@4著
801  0 @aCN@bBJXHZP@c20230228
905    @b1408285-7@dP617.244@e173@f3
    
    柴达木盆地南北缘成矿系列及找矿预测= Demonstration of exploration and development of the mineralization system in the northern and southern margins of the Qaidam Basin/潘彤等著.-武汉:中国地质大学出版社,2019.07
    358页:图 (部分彩图);31cm
    
    
    ISBN 978-7-5625-4577-4(精装):CNY238.00
    本专著将实地调查与地勘生产工作紧密结合, 深入研究了柴达木南北缘地区的主要金、铜铅锌和铁矿床成矿背景环境, 编制了1:50万大地构造图, 确定了每个阶段地质事件与成矿作用的关系 ; 以现代区域成矿理论为指导, 系统论述了该区域的金属成矿条件和矿床时空分布规律, 划分出8个成矿系列 ; 建立了柴达木盆地南北缘覆盖-浅覆盖区不同类型矿床物化探有效找矿方法组合 ; 通过药剂复配和改性, 难选冶矿石回收率明显提高 ; 针对柴达木盆地南北缘的矿产资源开发利用提出了盆地、流域和典型矿区水资源保障模式, 为进一步的快速勘查、矿产资源高效利用提供了科学依据。
●
相关链接 在E读中查询图书 在五车中查询图书 在当当中查询图书 在豆瓣中查询图书


正题名:柴达木盆地南北缘成矿系列及找矿预测     索取号:P617.244/173         预约/预借

序号 登录号 条形码 馆藏地/架位号 状态 备注
1 1408285   214082856   第二样本阅览室/ [索取号:P617.244/173] 在馆    
2 1408286   214082865   第三借阅区/ [索取号:P617.244/173] 在馆    
3 1408287   214082874   第三借阅区/ [索取号:P617.244/173] 在馆    
唐山师范学院图书馆 欢迎您!
大连网信软件有限公司© 版权所有